Nobiliario de los reinos y señoríos de España (Record no. 162125)
[ view plain ]
| 000 -LEADER | |
|---|---|
| campo de control de longitud fija | 01483nam a2200265 4500 |
| 001 - NÚMERO DE CONTROL | |
| campo de control | 162125 |
| 003 - IDENTIFICADOR DE NÚMERO DE CONTROL | |
| campo de control | ES-MaACL |
| 005 - FECHA Y HORA DE LA ÚLTIMA TRANSACCIÓN | |
| campo de control | 20230906212432.0 |
| 008 - DATOS DE LONGITUD FIJA--INFORMACIÓN GENERAL | |
| campo de control de longitud fija | 950110m18551860sp f |||| | spa d |
| 040 ## - FUENTE DE CATALOGACIÓN | |
| Centro catalogador/agencia de origen | EUS |
| Lengua de catalogación | spa |
| Centro/agencia transcriptor | EUS |
| 080 ## - NÚMERO DE LA CLASIFICACIÓN DECIMAL UNIVERSAL | |
| Número de la Clasificación Decimal Universal | 929.52(460) |
| 080 ## - NÚMERO DE LA CLASIFICACIÓN DECIMAL UNIVERSAL | |
| Número de la Clasificación Decimal Universal | 929.64(460) |
| 100 1# - ENTRADA PRINCIPAL--NOMBRE DE PERSONA | |
| Nombre de persona | Piferrer, Francisco. |
| 9 (RLIN) | 91985 |
| 245 10 - MENCIÓN DEL TÍTULO | |
| Título | Nobiliario de los reinos y señoríos de España |
| Resto del título | : contiene las armas y blasones de los reinos, provincias, ciudades, villas y principales pueblos de España, con todos los apellidos que se encuentran en los tratados de heráldica y nobiliarios más autorizados, ... / |
| Mención de responsabilidad, etc. | por Francisco Piferrer ; ilustrado con un diccionario de Heráldica por el Doctor en Jurisprudencia Don José Fernández de la Puente y Acevedo. |
| 260 ## - PUBLICACIÓN, DISTRIBUCIÓN, ETC. | |
| Lugar de publicación, distribución, etc. | Madrid : |
| Nombre del editor, distribuidor, etc. | [s.n.], |
| Fecha de publicación, distribución, etc. | 1855-1860 ( |
| Fabricante | Imp. y Fundición de Eusebio Aguado) |
| 300 ## - DESCRIPCIÓN FÍSICA | |
| Extensión | 6 v. : |
| Otras características físicas | il. ; |
| Dimensiones | 28 cm. |
| 500 ## - NOTA GENERAL | |
| Nota general | "Adornado con más de dos mil escudos de armas por acreditados artistas, heraldos y profesores de bellas artes" |
| 594 ## - Nota al título y mención de responsabilidad | |
| Nota al título y mención de responsabilidad | A partir del t. III: revisado por Antonio Rújula y Busel. |
| 596 ## - NOTA AL PIE DE IMPRENTA | |
| NOTA AL PIE DE IMPRENTA | Vol. 2 impreso en la Imprenta de la Viuda de Palacios; v. 3-6 impresos en la Imprenta de M. Minuesa. |
| 650 04 - PUNTO DE ACCESO ADICIONAL DE MATERIA--TÉRMINO DE MATERIA | |
| Término de materia o nombre geográfico como elemento de entrada | Heráldica- |
| Subdivisión geográfica | España. |
| 9 (RLIN) | 13317 |
| 651 #4 - PUNTO DE ACCESO ADICIONAL DE MATERIA--NOMBRE GEOGRÁFICO | |
| Nombre geográfico | España- |
| Subdivisión general | Genealogía. |
| 9 (RLIN) | 8199 |
| 700 1# - ENTRADA AGREGADA--NOMBRE PERSONAL | |
| Nombre de persona | Rújula y Busel, Antonio. |
| 9 (RLIN) | 132239 |
| 700 0# - ENTRADA AGREGADA--NOMBRE PERSONAL | |
| Nombre de persona | Fernández de la Puente y Acevedo, José. |
| 9 (RLIN) | 49674 |
| 852 ## - LOCALIZACIÓN | |
| Ubicación | ES-MaACL |
| Número de control de estantería | R-2709-14 |
| Nota libre | -- Enc. hol. con puntas |
| Encuadernación | Olim:C-2077-82 |
| Estatus retirado | Estado de pérdida | Estado de daño | No para préstamo | Colección | Biblioteca de origen | Biblioteca actual | Ubicación en estantería | Fecha de adquisición | Total de préstamos | Signatura topográfica completa | Código de barras | Visto por última vez | Precio de reemplazo | Tipo de ítem Koha |
|---|---|---|---|---|---|---|---|---|---|---|---|---|---|---|
| Colección de referencia | Biblioteca del Ateneo de Madrid | Biblioteca del Ateneo de Madrid | Depósito | 17/01/2008 | R-2709-14 | 1169841 | 23/02/2023 | 23/02/2023 | Libro impreso antiguo |
